Elevated Countries Minefield Quiz Stats

 Plays Quiz Updated Feb 13, 2019

Support Sporcle.
Go Orange.
Score 0/44 Timer 07:00
4 Plays Today
# Country % Correct
1???
69.4%
2???
66.2%
15???
64.6%
4???
56.9%
16???
52.2%
11???
47%
20???
45.4%
12???
43.1%
3???
43%
33???
40.4%
10???
39.4%
5???
37.6%
30???
36.7%
13???
32%
7???
31.6%
31???
28.7%
21???
27.5%
14???
26.5%
17???
23.1%
19???
21.7%
23???
20.3%
9???
19.6%
# Country % Correct
6???
18.6%
8???
18.5%
22???
17%
38???
15.7%
32???
13.9%
25???
12.1%
28???
11.8%
18???
10.9%
24???
10.3%
29???
8.6%
42???
8.5%
34???
8.1%
27???
8%
37???
8%
26???
7.1%
40???
6%
35???
5.8%
39???
5.4%
36???
4.9%
41???
4%
-???
3.6%
43???
2.9%

You're not logged in!

Compare scores with friends on all Sporcle quizzes.
OR
Log In
Forgot?

From the Vault

Movie Fights: Round 2!

by BigAl1994

Movies 7m
Can't these movies work it out using their dialogue?
Remove Ads.
Support Sporcle.
Get the best of Sporcle when you Go Orange. This ad-free experience offers more features, more stats, and more fun while also helping to support Sporcle. Thank you for becoming a member.

Show Comments

Extras

Top Quizzes Today


Score Distribution

Your Account Isn't Verified!

In order to create a playlist on Sporcle, you need to verify the email address you used during registration. Go to your Sporcle Settings to finish the process.

Report this User

Report this user for behavior that violates our Community Guidelines.

Details: